Control system design and simulation /

Salvato in:
Dettagli Bibliografici
Autore principale: Golten, Jack (autor)
Altri autori: Verwer, Andy (autor) (autor)
Natura: Libro
Lingua:inglese
Pubblicazione: Nueva York, EUA : McGraw-Hill, 1992, c1991
Soggetti:
Tags: Aggiungi Tag
Nessun Tag, puoi essere il primo ad aggiungerne!!

MARC

LEADER 00000nam^a2200000^a^4500
001 000101687
005 20250521000000.0
009 20260310093247.097
020 |a 0-07-707412-2 
037 |a Acervo ITESO - Biblioteca 
041 |a ING 
082 |a 629. 83  |b GOL 
100 |a Golten, Jack  |e (autor) 
245 1 0 |a Control system design and simulation /  |c J. Golten, A. Verwer. 
264 4 |a Nueva York, EUA :  |b McGraw-Hill,  |c 1992, c1991 
300 |a 388 p. 
336 |a texto  |b txt  |2 rdacontenido 
337 |a sin mediación  |b n  |2 rdamedio 
338 |a volumen  |b nc  |2 rdasoporte 
649 |a XX 
650 |a Control Automático 
650 |a Control de Procesos 
650 |a Programación Lineal 
650 |a Métodos de Simulación 
650 |a Desarrollo de Sistemas 
650 |a Sistemas Computacionales 
650 |a Ingeniería Computacional 
650 |a Ingeniería Electrónica 
650 |a Sistemas Dinámicos 
700 |a Verwer, Andy  |e (autor) 
910 |a Fondo General 
920 |a Impresos - Libros 
930 |a Colección General 
905 |a 101 
901 |a 0500035387  |b IT1  |c ACC  |u 20250521 
902 |a https://opac.biblio.iteso.mx/vufind/Record/000101687